Online
Catalog

Narrativa norteamericana, (1940-1980) : (Record no. 4067)

MARC details
000 -CABECERA
campo de control de longitud fija 01740cam a2200349 a 4500
001 - NÚMERO DE CONTROL
campo de control 000004253
005 - FECHA Y HORA DE LA ÚLTIMA TRANSACCIÓN
campo de control 20200929151422.0
008 - DATOS DE LONGITUD FIJA--INFORMACIÓN GENERAL
campo de control de longitud fija 810924s1987 ag b 001 0 spa
020 ## - NÚMERO INTERNACIONAL ESTÁNDAR DEL LIBRO
Número Internacional Estándar del Libro 950180089x
040 ## - FUENTE DE LA CATALOGACIÓN
Centro catalogador/agencia de origen DO-SdBNP
Centro/agencia modificador BNPHU
041 17 - CÓDIGO DE LENGUA
Código de lengua del texto/banda sonora o título independiente spa
Código de lengua original eng
Fuente del código Código de idioma MARC
082 ## - NÚMERO DE LA CLASIFICACIÓN DECIMAL DEWEY
Número de clasificación 813.5409
Número de documento/Ítem K184n
100 1# - ENTRADA PRINCIPAL--NOMBRE DE PERSONA
Nombre de persona Karl, Frederick R.,
Fechas asociadas al nombre 1927-
9 (RLIN) 12570
240 10 - TÍTULO UNIFORME
Título uniforme American fictions, 1940-1980.
Lenguaje de la obra Español
245 10 - MENCIÓN DE TÍTULO
Título Narrativa norteamericana, (1940-1980) :
Resto del título la novela, el cuento, la novela no ficticia /
Mención de responsabilidad, etc. Frederick R. Karl ; traducción de Alejandra Guibert Riera.
260 ## - PUBLICACIÓN, DISTRIBUCIÓN, ETC.
Lugar de publicación, distribución, etc. Buenos Aires, Argentina :
Nombre del editor, distribuidor, etc. Tres Tiempos,
Fecha de publicación, distribución, etc. 1987.
300 ## - DESCRIPCIÓN FÍSICA
Extensión 2 v ;
Dimensiones 30 cm.
490 1# - MENCIÓN DE SERIE
Mención de serie Ensayos
Designación de volumen o secuencia 43
504 ## - NOTA DE BIBLIOGRAFÍA, ETC.
Nota de bibliografía, etc. Incluye referencias bibliográficas e índice.
505 2# - NOTA DE CONTENIDO CON FORMATO
Nota de contenido con formato v. 1. Temas y subtemas. El espacio y lo espacial en Estados Unidos. La persistencia de lo pastoral. La guerra y la novela : antes y después. Crecer en los Estados Unidos: los años 40 y de allí en en adelante. La década de la imitación. La novela política: de los años 50 en adelante.
505 2# - NOTA DE CONTENIDO CON FORMATO
Nota de contenido con formato v. 2. Los años 60: la mujer que grito yo soy. Las posibilidades del minimalismo. La experiencia de la mujer. Los años 70: donde estamos. La novela no ficticia. Quienes somos y hacia donde vamos.
534 ## - NOTA SOBRE LA VERSIÓN ORIGINAL
Frase introductoria Título original en inglés:
Mención de título del original American fictions, 1940-1980.
650 #4 - PUNTO DE ACCESO ADICIONAL DE MATERIA--TÉRMINO DE MATERIA
Término de materia o nombre geográfico como elemento de entrada Literatura estadounidense
9 (RLIN) 263
650 #4 - PUNTO DE ACCESO ADICIONAL DE MATERIA--TÉRMINO DE MATERIA
Término de materia o nombre geográfico como elemento de entrada Novela estadounidense
9 (RLIN) 262
650 #4 - PUNTO DE ACCESO ADICIONAL DE MATERIA--TÉRMINO DE MATERIA
Término de materia o nombre geográfico como elemento de entrada Cuentos estadounidense
9 (RLIN) 10646
650 #4 - PUNTO DE ACCESO ADICIONAL DE MATERIA--TÉRMINO DE MATERIA
Término de materia o nombre geográfico como elemento de entrada Ensayos estadounidenses
9 (RLIN) 9895
650 #4 - PUNTO DE ACCESO ADICIONAL DE MATERIA--TÉRMINO DE MATERIA
Término de materia o nombre geográfico como elemento de entrada Novela de ciencia ficción americana
9 (RLIN) 12571
700 1# - PUNTO DE ACCESO ADICIONAL--NOMBRE DE PERSONA
Nombre de persona Guibert Riera, Alejandra,
Término indicativo de función/relación tr.
9 (RLIN) 12572
830 #0 - PUNTO DE ACCESO ADICIONAL DE SERIE-TÍTULO UNIFORME
Título uniforme Ensayos ;
Designación de volumen o secuencia 43.
9 (RLIN) 11110
910 ## - DATOS DE OPCIÓN DEL USUARIO (OCLC)
Datos de opción del usuario Catalogación derivada
910 ## - DATOS DE OPCIÓN DEL USUARIO (OCLC)
Datos de opción del usuario WM
Holdings
Estado de retiro Estado de pérdida Restricciones de uso No para préstamo Código de colección Localización permanente Ubicación/localización actual Ubicación en estantería Fecha de adquisición Número de inventario Total de préstamos Signatura topográfica completa Código de barras Fecha visto por última vez Precio válido a partir de Tipo de ítem Koha
    Préstamo interno   Monografías: Libros y Folletos General General Depósito 20.07.2009 LF1   813.5409 K184n | v.1 4253-10 25.06.2020 25.06.2020 Préstamo interno
    Préstamo interno   Monografías: Libros y Folletos General General Depósito 20.07.2009 LF1   813.5409 K184n | v.2 4253-20 25.06.2020 25.06.2020 Préstamo interno

Powered by Koha